000
00286nam a2200121Ia 4500
008
240625s9999 xx 000 0 und d
041
_a
eng
082
_a
658.4012 HRD
100
_a
MULTIMEDIA HRD
245
_a
FIFTH DISCIPLINE ORGANISATIONAL LEARNING
260
_c
2013
365
_c
RS
999
_c
34950
_d
34950